Library Banner

Pakistan ke khilaf sazish = پاکستان کے خلاف سازش / (Record no. 114327)

MARC details
000 -LEADER
fixed length control field 00476nam a22001577a 4500
005 - DATE AND TIME OF LATEST TRANSACTION
control field 20191022121332.0
008 - FIXED-LENGTH DATA ELEMENTS--GENERAL INFORMATION
fixed length control field 191022b ||||| |||| 00| 0 eng d
040 ## - CATALOGING SOURCE
Transcribing agency PK-LaUMT
082 ## - DEWEY DECIMAL CLASSIFICATION NUMBER
Classification number 320.95491
Item number ZIA-P
100 ## - MAIN ENTRY--PERSONAL NAME
Personal name Zia Shahid = ضیا شاہد
245 ## - TITLE STATEMENT
Title Pakistan ke khilaf sazish = پاکستان کے خلاف سازش /
Statement of responsibility, etc by Zia Shahid = ضیا شاہد
260 ## - PUBLICATION, DISTRIBUTION, ETC. (IMPRINT)
Place of publication, distribution, etc Lahore :
Name of publisher, distributor, etc Khabrain Publishers,
Date of publication, distribution, etc 2017
300 ## - PHYSICAL DESCRIPTION
Extent 238 p.
546 ## - LANGUAGE NOTE
Language note Urdu
942 ## - ADDED ENTRY ELEMENTS (KOHA)
Koha item type Books
Holdings
Withdrawn status Lost status Damaged status Home library Current library Date acquired Full call number Barcode Date last seen Price effective from Koha item type
      UMT Main Campus UMT Main Campus 2019-10-22 320.95491 ZIA-P 131250 2019-10-22 2019-10-22 Books